[Event "Muensterland Regionalliga Gr1 2223"]
[Site "Germany"]
[Date "2022.09.24"]
[Round "2.8"]
[White "Rogowski, Friedrich"]
[Black "Robeling, Stephan"]
[Result "1/2-1/2"]
[WhiteElo "1672"]
[BlackElo "1753"]
[PlyCount "37"]
[EventDate "2022.09.03"]
[EventType "team-tourn"]
[EventRounds "7"]
[EventCountry "GER"]
[SourceTitle "EXT 2024"]
[Source "ChessBase"]
[SourceDate "2023.10.10"]
[SourceVersion "1"]
[SourceVersionDate "2023.10.10"]
[SourceQuality "1"]
[WhiteTeam "Saerbeck"]
[BlackTeam "Bocholt"]
[WhiteTeamCountry "GER"]
[BlackTeamCountry "GER"]

1. e4 e6 2. Nc3 d5 3. Nf3 d4 4. Ne2 c5 5. c3 dxc3 6. Nxc3 Nc6 7. Bb5 Bd7 8. d4 Nxd4 9. Nxd4 cxd4 10. Qxd4 Bxb5 11. Qxd8+ Rxd8 12. Nxb5 a6 13. Nc3 Bb4 14. Bd2 Nf6 15. f3 Ke7 16. Ke2 Rd7 17. e5 Bxc3 18. Bxc3 Nd5 19. Bd2 1/2-1/2

[Event "Steinfurt Bezirksklasse 1819"]
[Site "Germany"]
[Date "2018.12.01"]
[Round "3.4"]
[White "Rogowski, Friedrich"]
[Black "Olschimke, Adrian"]
[Result "1-0"]
[WhiteElo "1694"]
[BlackElo "1050"]
[PlyCount "33"]
[EventDate "2018.09.29"]
[EventType "team-tourn"]
[EventRounds "7"]
[EventCountry "GER"]
[SourceTitle "EXT 2020"]
[Source "ChessBase"]
[SourceDate "2019.10.17"]
[SourceVersion "1"]
[SourceVersionDate "2019.10.17"]
[SourceQuality "1"]
[WhiteTeam "Saerbeck II"]
[BlackTeam "Steinfurt IV"]
[WhiteTeamCountry "GER"]
[BlackTeamCountry "GER"]

1. e4 e5 2. Nf3 Nc6 3. Bc4 Bc5 4. b4 Bxb4 5. c3 Bc5 6. d4 exd4 7. 0-0 dxc3 8. Bxf7+ Kxf7 9. Qd5+ Ke8 10. Qxc5 Nf6 11. Nxc3 b6 12. Qc4 Qe7 13. Nd5 Nxd5 14. exd5 Qf6 15. Bg5 Ne5 16. Nxe5 Qxe5 17. Rfe1 1-0

[Event "Steinfurt Bezirksklasse 1819"]
[Site "Germany"]
[Date "2018.11.10"]
[Round "2.4"]
[White "Muenninghoff, Ralf"]
[Black "Rogowski, Friedrich"]
[Result "1/2-1/2"]
[WhiteElo "1039"]
[BlackElo "1694"]
[PlyCount "70"]
[EventDate "2018.09.29"]
[EventType "team-tourn"]
[EventRounds "7"]
[EventCountry "GER"]
[SourceTitle "EXT 2020"]
[Source "ChessBase"]
[SourceDate "2019.10.17"]
[SourceVersion "1"]
[SourceVersionDate "2019.10.17"]
[SourceQuality "1"]
[WhiteTeam "Rheine CC"]
[BlackTeam "Saerbeck II"]
[WhiteTeamCountry "GER"]
[BlackTeamCountry "GER"]

1. e4 d6 2. d4 Nf6 3. Nc3 g6 4. Nf3 Bg7 5. Be3 0-0 6. Qd2 c6 7. Bh6 b5 8. Bxg7 Kxg7 9. Be2 b4 10. Nd1 Nxe4 11. Qxb4 a5 12. Qb3 a4 13. Qe3 d5 14. Nc3 Nf6 15. 0-0-0 Qd6 16. a3 Ng4 17. Qd2 Nxf2 18. h4 h5 19. Ne5 Nxd1 20. Bxd1 Nd7 21. Re1 Nxe5 22. dxe5 Qe6 23. Qf4 Qf5 24. Qg3 Kh6 25. Qe3+ g5 26. Ne2 Bd7 27. hxg5+ Qxg5 28. Nf4 Rg8 29. Bxh5 Qg3 30. Qd2 Kg7 31. e6 fxe6 32. Nxe6+ Bxe6 33. Rxe6 Kf8 34. Qh6+ Rg7 35. Qh8+ Rg8 1/2-1/2

[Event "Muensterland Verbandsklasse 1718"]
[Site "Germany"]
[Date "2018.03.10"]
[Round "7.7"]
[White "Siebald, Joerg"]
[Black "Rogowski, Friedrich"]
[Result "1-0"]
[WhiteElo "1712"]
[BlackElo "1656"]
[PlyCount "91"]
[EventDate "2017.09.16"]
[EventType "team-tourn"]
[EventRounds "9"]
[EventCountry "GER"]
[SourceTitle "EXT 2019"]
[Source "ChessBase"]
[SourceDate "2018.10.10"]
[SourceVersion "1"]
[SourceVersionDate "2018.10.10"]
[SourceQuality "1"]
[WhiteTeam "Emsdetten Rochade III"]
[BlackTeam "Saerbeck"]
[WhiteTeamCountry "GER"]
[BlackTeamCountry "GER"]

1. e4 d6 2. d3 g6 3. Nf3 Bg7 4. g3 c5 5. Bg2 Nc6 6. 0-0 Nf6 7. Nc3 Bg4 8. h3 Bxf3 9. Bxf3 Nd4 10. Bg2 Rb8 11. Be3 0-0 12. Ne2 e5 13. c3 Ne6 14. Qd2 d5 15. Rad1 d4 16. cxd4 cxd4 17. Bh6 Rc8 18. Bxg7 Kxg7 19. f4 exf4 20. Nxf4 Qd6 21. Rc1 b6 22. Kh2 h6 23. Rxc8 Rxc8 24. Qf2 Nxf4 25. gxf4 Nh5 26. e5 Qd8 27. Be4 Kg8 28. Qg2 Ng7 29. Rf2 Qe8 30. Rc2 Ne6 31. Rxc8 Qxc8 32. Qf2 Qd8 33. f5 Ng5 34. fxg6 fxg6 35. Bxg6 Qd7 36. Bf5 Qd5 37. e6 Nf3+ 38. Kg3 Qxf5 39. Qxf3 Qxe6 40. Qg4+ Kf7 41. Qxe6+ Kxe6 42. Kf4 Kd5 43. Kf5 h5 44. h4 b5 45. b4 a6 46. a3 1-0

[Event "Muensterland Verbandsklasse 1718"]
[Site "Germany"]
[Date "2017.11.25"]
[Round "3.8"]
[White "Rogowski, Friedrich"]
[Black "Van Dam, Hans"]
[Result "1-0"]
[WhiteElo "1656"]
[BlackElo "1525"]
[PlyCount "157"]
[EventDate "2017.09.16"]
[EventType "team-tourn"]
[EventRounds "9"]
[EventCountry "GER"]
[SourceTitle "EXT 2019"]
[Source "ChessBase"]
[SourceDate "2018.10.10"]
[SourceVersion "1"]
[SourceVersionDate "2018.10.10"]
[SourceQuality "1"]
[WhiteTeam "Saerbeck"]
[BlackTeam "Rheine Klein Berlin II"]
[WhiteTeamCountry "GER"]
[BlackTeamCountry "GER"]

1. e4 e5 2. Nf3 Nc6 3. Bc4 Nf6 4. d3 h6 5. Bb3 d5 6. exd5 Nxd5 7. 0-0 Bg4 8. Nbd2 Nd4 9. h3 Bxf3 10. Nxf3 Nxb3 11. axb3 Bd6 12. Re1 0-0 13. Nxe5 Re8 14. d4 Nb4 15. Nf3 c6 16. Be3 Nd5 17. Qd2 Nxe3 18. Rxe3 Rxe3 19. Qxe3 Bc7 20. Re1 Bb6 21. c3 Bc7 22. Qe7 Qc8 23. Ne5 Bxe5 24. Rxe5 a5 25. Qh4 f6 26. Re7 Kf8 27. Qe4 a4 28. bxa4 Rxa4 29. Qe6 Qxe6 30. Rxe6 Kf7 31. Re1 Ra2 32. Re2 Ra5 33. f3 Rd5 34. Kf2 b6 35. g4 Ra5 36. f4 g6 37. Kg3 Rd5 38. h4 c5 39. Re4 Rd6 40. Kf3 c4 41. f5 b5 42. fxg6+ Kxg6 43. Kf4 Ra6 44. d5 Ra1 45. Rd4 Kf7 46. d6 Rf1+ 47. Ke4 Ke8 48. Kd5 Kd7 49. Kc5 Rf2 50. Kxb5 Rxb2+ 51. Kxc4 Rh2 52. h5 Ra2 53. Kd5 Ra5+ 54. Ke4 Rg5 55. Kf4 Ra5 56. c4 Rc5 57. Ke4 Re5+ 58. Kd3 f5 59. gxf5 Rxf5 60. Rd5 Rf4 61. c5 Rf1 62. Ke2 Rc1 63. Kd2 Rc4 64. Kd3 Rc1 65. Re5 Kc6 66. Ke4 Rf1 67. Rf5 Re1+ 68. Kf4 Rf1+ 69. Ke5 Re1+ 70. Kf6 Kd7 71. Kg6 Re6+ 72. Rf6 Re5 73. Kxh6 Rxc5 74. Kg6 Rc1 75. Kg7 Ke8 76. h6 Rg1+ 77. Rg6 Rf1 78. h7 Rf7+ 79. Kh6 1-0

[Event "Steinfurt Bezirksliga 1617"]
[Site "Germany"]
[Date "2017.05.20"]
[Round "9.4"]
[White "Wolf, Sergej"]
[Black "Rogowski, Friedrich"]
[Result "1-0"]
[WhiteElo "1706"]
[BlackElo "1652"]
[PlyCount "26"]
[EventDate "2016.09.24"]
[EventType "team"]
[EventRounds "9"]
[EventCountry "GER"]
[SourceTitle "EXT 2018"]
[Source "ChessBase"]
[SourceDate "2017.10.13"]
[SourceVersion "1"]
[SourceVersionDate "2017.10.13"]
[SourceQuality "1"]
[WhiteTeam "Ibbenbueren"]
[BlackTeam "Saerbeck II"]
[WhiteTeamCountry "GER"]
[BlackTeamCountry "GER"]

1. d4 g6 2. f3 Bg7 3. e4 d6 4. c4 Nd7 5. Nc3 c6 6. Be3 Ngf6 7. Bd3 c5 8. d5 0-0 9. b4 Nh5 10. Nge2 f5 11. Qd2 f4 12. Bf2 a5 13. bxc5 dxc5 1-0

[Event "Steinfurt Bezirksliga 1415"]
[Site "Germany"]
[Date "2014.11.29"]
[Round "4.5"]
[White "Carstensen, Jens"]
[Black "Rogowski, Friedrich"]
[Result "1/2-1/2"]
[WhiteElo "1713"]
[BlackElo "1675"]
[PlyCount "78"]
[EventDate "2014.09.06"]
[EventType "team-tourn"]
[EventRounds "9"]
[EventCountry "GER"]
[SourceTitle "EXT 2016"]
[Source "ChessBase"]
[SourceDate "2015.10.08"]
[SourceVersion "1"]
[SourceVersionDate "2015.10.08"]
[SourceQuality "1"]
[WhiteTeam "Neuenkirchen II"]
[BlackTeam "Saerbeck II"]
[WhiteTeamCountry "GER"]
[BlackTeamCountry "GER"]

1. d4 g6 2. e4 Bg7 3. Be3 c5 4. c3 cxd4 5. Bxd4 Nf6 6. Nd2 d6 7. Bc4 0-0 8. Ngf3 Nc6 9. Be3 Ng4 10. Qe2 Nxe3 11. Qxe3 Qc7 12. 0-0-0 Na5 13. Be2 Be6 14. Kb1 b5 15. Nd4 Nc4 16. Nxc4 Bxc4 17. h4 h6 18. h5 g5 19. Nf5 Bxe2 20. Qxe2 a6 21. f4 Rfe8 22. fxg5 hxg5 23. Nxg7 Kxg7 24. h6+ Kh8 25. Qh5 f6 26. Qf7 Rg8 27. Rh3 Rae8 28. Rf1 Qc4 29. Qxc4 bxc4 30. Rf5 Rb8 31. Ra5 Rb6 32. g4 Ra8 33. Ra4 Rc6 34. Rb4 Rac8 35. Rb7 R6c7 36. Rxc7 Rxc7 37. b4 Kh7 38. Kb2 Rb7 39. a4 Rb6 1/2-1/2

[Event "Steinfurt Bezirksliga 1314"]
[Site "Germany"]
[Date "2014.04.26"]
[Round "8.6"]
[White "Rogowski, Friedrich"]
[Black "Winter, Reinhold"]
[Result "1-0"]
[WhiteElo "1657"]
[BlackElo "1547"]
[PlyCount "61"]
[EventDate "2013.09.14"]
[EventType "team-tourn"]
[EventRounds "9"]
[EventCountry "GER"]
[SourceTitle "EXT 2015"]
[Source "ChessBase"]
[SourceDate "2014.11.20"]
[SourceVersion "1"]
[SourceVersionDate "2014.11.20"]
[SourceQuality "1"]
[WhiteTeam "Saerbeck II"]
[BlackTeam "Neuenkirchen II"]
[WhiteTeamCountry "GER"]
[BlackTeamCountry "GER"]

1. e4 c6 2. Nc3 g6 3. Nf3 Bg7 4. d4 d5 5. e5 h5 6. Bg5 Bg4 7. h3 Bxf3 8. gxf3 Bh6 9. Rg1 Bxg5 10. Rxg5 e6 11. f4 Nh6 12. Bd3 Nf5 13. Bxf5 exf5 14. Qd3 Qe7 15. Kf1 Nd7 16. b4 b5 17. a4 Qxb4 18. axb5 Qc4 19. Qxc4 dxc4 20. bxc6 Nb6 21. Nb5 Ke7 22. Nc7 Rhc8 23. Nxa8 Rxa8 24. Rg3 Nd5 25. Rga3 Nxf4 26. Rxa7+ Rxa7 27. Rxa7+ Ke6 28. Rxf7 Kxf7 29. c7 Ne6 30. c8Q Nxd4 31. Qd7+ 1-0

[Event "Steinfurt Bezirksliga 1314"]
[Site "Germany"]
[Date "2014.03.22"]
[Round "7.7"]
[White "Rogowski, Friedrich"]
[Black "Ottens, Josef"]
[Result "1-0"]
[WhiteElo "1657"]
[BlackElo "1411"]
[PlyCount "47"]
[EventDate "2013.09.14"]
[EventType "team-tourn"]
[EventRounds "9"]
[EventCountry "GER"]
[SourceTitle "EXT 2015"]
[Source "ChessBase"]
[SourceDate "2014.11.20"]
[SourceVersion "1"]
[SourceVersionDate "2014.11.20"]
[SourceQuality "1"]
[WhiteTeam "Saerbeck II"]
[BlackTeam "Steinfurt III"]
[WhiteTeamCountry "GER"]
[BlackTeamCountry "GER"]

1. e4 c5 2. Nf3 Nc6 3. Bb5 e6 4. 0-0 a6 5. Bxc6 dxc6 6. d3 Be7 7. a4 h6 8. a5 Bd6 9. Nbd2 Bc7 10. Nc4 Ne7 11. Be3 b6 12. axb6 Bxb6 13. Nfe5 0-0 14. Nxb6 Qxb6 15. Nc4 Qa7 16. Ra5 Qc7 17. Bxc5 Re8 18. f4 Kh7 19. b4 f5 20. Qe1 g6 21. Kh1 Ng8 22. exf5 gxf5 23. Qe5 Qxe5 24. fxe5 1-0

[Event "Steinfurt Bezirksliga 1314"]
[Site "Germany"]
[Date "2014.01.25"]
[Round "5.5"]
[White "Rogowski, Friedrich"]
[Black "Roewekamp, Andre"]
[Result "1/2-1/2"]
[WhiteElo "1657"]
[BlackElo "1568"]
[PlyCount "46"]
[EventDate "2013.09.14"]
[EventType "team-tourn"]
[EventRounds "9"]
[EventCountry "GER"]
[SourceTitle "EXT 2015"]
[Source "ChessBase"]
[SourceDate "2014.11.20"]
[SourceVersion "1"]
[SourceVersionDate "2014.11.20"]
[SourceQuality "1"]
[WhiteTeam "Saerbeck II"]
[BlackTeam "Reckenfeld"]
[WhiteTeamCountry "GER"]
[BlackTeamCountry "GER"]

1. e4 e5 2. Nf3 Nc6 3. Nc3 Bc5 4. Bb5 Nf6 5. 0-0 d6 6. d4 exd4 7. Nxd4 Bxd4 8. Qxd4 Bd7 9. Bxc6 Bxc6 10. Bg5 h6 11. Bxf6 gxf6 12. Nd5 Bxd5 13. exd5 Rg8 14. Rfe1+ Kf8 15. Re3 Rg6 16. Rae1 Qd7 17. Qe4 Qb5 18. Rb3 Qa5 19. c4 Rg4 20. Qe7+ Kg7 21. h3 Rg5 22. f4 Rg6 23. Qe4 Qd2 1/2-1/2

[Event "Steinfurt Bezirksliga 1112"]
[Site "Germany"]
[Date "2012.05.05"]
[Round "8.5"]
[White "Rogowski, Friedrich"]
[Black "Peters, Tobias1111"]
[Result "1/2-1/2"]
[WhiteElo "1638"]
[BlackElo "1444"]
[PlyCount "64"]
[EventDate "2011.10.01"]
[EventType "team-tourn"]
[EventRounds "9"]
[EventCountry "GER"]
[SourceTitle "EXT 2013"]
[Source "ChessBase"]
[SourceDate "2012.11.22"]
[SourceVersion "1"]
[SourceVersionDate "2012.11.22"]
[SourceQuality "1"]
[WhiteTeam "Saerbeck II"]
[BlackTeam "Rheine SG"]
[WhiteTeamCountry "GER"]
[BlackTeamCountry "GER"]

1. e4 e5 2. Nf3 Nc6 3. Bc4 Nf6 4. Ng5 d5 5. exd5 Na5 6. Bb5+ c6 7. dxc6 bxc6 8. Bd3 h6 9. Ne4 Nd5 10. 0-0 Be7 11. Ng3 0-0 12. Bf5 Bb7 13. d3 c5 14. Re1 Qc7 15. Qe2 Nc6 16. c3 Rad8 17. Na3 Ba6 18. Nc4 Bxc4 19. dxc4 Nb6 20. Qg4 Bg5 21. Bxg5 hxg5 22. Rad1 Rd6 23. Rxd6 Qxd6 24. Ne4 Qh6 25. Nxg5 Nxc4 26. b3 Nd6 27. Bc2 Rd8 28. Re3 f5 29. Bxf5 Nxf5 30. Rh3 Qd6 31. Qc4+ Qd5 32. Qxd5+ Rxd5 1/2-1/2

[Event "Steinfurt Bezirksliga 1112"]
[Site "Germany"]
[Date "2012.01.07"]
[Round "4.5"]
[White "Rogowski, Friedrich"]
[Black "Niering, Bernhard"]
[Result "1/2-1/2"]
[WhiteElo "1638"]
[BlackElo "1228"]
[PlyCount "73"]
[EventDate "2011.10.01"]
[EventType "team-tourn"]
[EventRounds "9"]
[EventCountry "GER"]
[SourceTitle "EXT 2013"]
[Source "ChessBase"]
[SourceDate "2012.11.22"]
[SourceVersion "1"]
[SourceVersionDate "2012.11.22"]
[SourceQuality "1"]
[WhiteTeam "Saerbeck II"]
[BlackTeam "Steinfurt III"]
[WhiteTeamCountry "GER"]
[BlackTeamCountry "GER"]

1. e4 e5 2. Nf3 d6 3. d4 exd4 4. Qxd4 Nc6 5. Bb5 Nge7 6. Be3 Bd7 7. Qd2 a6 8. Bc4 Ng6 9. Nc3 Nge5 10. Nxe5 Nxe5 11. Bb3 Be7 12. 0-0-0 a5 13. a3 c6 14. f4 Ng4 15. Bd4 0-0 16. h3 c5 17. Bg1 Nf6 18. e5 Ne8 19. Bxc5 Ra6 20. Ne4 Bf5 21. Rhe1 Bxe4 22. Rxe4 Qc7 23. exd6 Nxd6 24. Rxe7 Qxc5 25. Re5 Qc7 26. g4 b5 27. Qe3 Nc4 28. Bxc4 Qxc4 29. b3 Qc7 30. Re7 Qc8 31. Rdd7 Rc6 32. Qd3 Rc3 33. Qf5 Rc5 34. Qd3 Rc3 35. Qf5 Rc5 36. Qd3 Rc3 37. Qf5 1/2-1/2

[Event "Steinfurt Bezirksliga 1112"]
[Site "Germany"]
[Date "2011.11.26"]
[Round "3.4"]
[White "Rogowski, Friedrich"]
[Black "Sowa, Rudolf"]
[Result "0-1"]
[WhiteElo "1638"]
[BlackElo "1658"]
[PlyCount "63"]
[EventDate "2011.10.01"]
[EventType "team-tourn"]
[EventRounds "9"]
[EventCountry "GER"]
[SourceTitle "EXT 2013"]
[Source "ChessBase"]
[SourceDate "2012.11.22"]
[SourceVersion "1"]
[SourceVersionDate "2012.11.22"]
[SourceQuality "1"]
[WhiteTeam "Saerbeck II"]
[BlackTeam "Emsdetten Rochade III"]
[WhiteTeamCountry "GER"]
[BlackTeamCountry "GER"]

1. e4 e5 2. Nf3 d6 3. d4 exd4 4. Nxd4 Nf6 5. Nc3 Be7 6. Be2 Bd7 7. 0-0 0-0 8. Bg5 Nc6 9. f4 Nxd4 10. Qxd4 b6 11. Kh1 Bc6 12. Bf3 Nd7 13. Bxe7 Qxe7 14. Qc4 Nb8 15. Rad1 Qe6 16. Qd4 Na6 17. b4 Bb7 18. Rfe1 Rfe8 19. h3 Qh6 20. b5 Nc5 21. Nd5 Bxd5 22. exd5 Qh4 23. Qd2 g6 24. Kh2 h5 25. g3 Qf6 26. c4 h4 27. Kg2 Kf8 28. Kf2 Rxe1 29. Rxe1 Re8 30. Rxe8+ Kxe8 31. Qe3+ Kf8 32. Ke2 0-1

[Event "Steinfurt Bezirksliga 0910"]
[Site "Germany"]
[Date "2009.12.05"]
[Round "4.3"]
[White "Freitag, Michael"]
[Black "Rogowski, Friedrich"]
[Result "1-0"]
[WhiteElo "1662"]
[BlackElo "1673"]
[PlyCount "75"]
[EventDate "2009.09.12"]
[EventType "team-tourn"]
[EventRounds "9"]
[EventCountry "GER"]
[SourceTitle "EXT 2011"]
[Source "ChessBase"]
[SourceDate "2010.11.26"]
[SourceVersion "1"]
[SourceVersionDate "2010.11.26"]
[SourceQuality "1"]
[WhiteTeam "Steinfurt II"]
[BlackTeam "Saerbeck II"]
[WhiteTeamCountry "GER"]
[BlackTeamCountry "GER"]

1. d4 Nf6 2. e3 d5 3. f4 Bg4 4. Nf3 e6 5. Bd3 c5 6. c3 Nc6 7. 0-0 c4 8. Bc2 Ne4 9. Nbd2 f5 10. Qe1 Be7 11. Nxe4 fxe4 12. Ne5 Bf5 13. Ba4 Qc7 14. g4 Bg6 15. Qe2 0-0-0 16. Nxc6 bxc6 17. Bd2 h5 18. g5 Bf5 19. h4 Bg4 20. Qf2 Kd7 21. b4 cxb3 22. axb3 Ke8 23. b4 Kf7 24. Bd1 Bf5 25. Be2 Ra8 26. Ra6 g6 27. Rfa1 Rhb8 28. Qe1 Rb7 29. Qd1 Rb6 30. Rxb6 Qxb6 31. Ra6 Qc7 32. Qa4 Rc8 33. Rxa7 Qb8 34. c4 Kf8 35. c5 Kf7 36. Ra6 Qb7 37. Rb6 Qc7 38. Ba6 1-0

[Event "Steinfurt Bezirksliga 0809"]
[Site "Germany"]
[Date "2009.01.17"]
[Round "5.4"]
[White "Rogowski, Friedrich"]
[Black "Boerger, Andreas1111"]
[Result "1/2-1/2"]
[WhiteElo "1676"]
[BlackElo "1612"]
[PlyCount "99"]
[EventDate "2008.09.27"]
[EventType "team-tourn"]
[EventRounds "9"]
[EventCountry "GER"]
[SourceTitle "EXT 2010"]
[Source "ChessBase"]
[SourceDate "2010.11.25"]
[SourceVersion "1"]
[SourceVersionDate "2010.11.25"]
[SourceQuality "1"]
[WhiteTeam "Saerbeck II"]
[BlackTeam "Reckenfeld"]
[WhiteTeamCountry "GER"]
[BlackTeamCountry "GER"]

1. e4 e6 2. Nc3 d5 3. Nf3 dxe4 4. Nxe4 Nf6 5. Nxf6+ Qxf6 6. d4 h6 7. Be3 Bd6 8. Qd2 0-0 9. Bd3 Bd7 10. c3 a5 11. Ng5 Rd8 12. Ne4 Qh4 13. Nxd6 cxd6 14. Bf4 Bc6 15. Bg3 Qf6 16. 0-0 Na6 17. f4 Nc7 18. f5 Qg5 19. Bf4 Qg4 20. h3 Qh4 21. f6 g5 22. Be3 Qg3 23. Qf2 Qxf2+ 24. Rxf2 e5 25. c4 e4 26. Be2 d5 27. b3 Ne6 28. Rd1 Re8 29. g3 Rad8 30. Bg4 Nc7 31. h4 gxh4 32. gxh4 Bd7 33. Rg2 Kh8 34. Bxh6 Bxg4 35. Rxg4 Ne6 36. Be3 Rg8 37. Rxg8+ Kxg8 38. c5 Rc8 39. Kf2 Kh7 40. Rg1 Rg8 41. Rxg8 Kxg8 42. Kg3 Kh7 43. Kg4 Nd8 44. h5 Nc6 45. a3 Kh8 46. Kg3 Kg8 47. Kf4 Kh8 48. Bf2 Kg8 49. Ke3 Kh7 50. Kf4 1/2-1/2